000 00521nam a2200169Ia 4500
003 GCL
008 140319s9999 xx 000 0 ara d
040 _aGCL /
_cGCL
082 0 4 _a227
_bع ق
100 1 _aعبدالمنعم احمد النمر
245 1 0 _aالقرأن والحياه /
_cعبدالمنعم احمد النمر
260 _a[S.N] :
_bالاندلس للاعلام ،
_c1987
300 _a154 ص
490 _aسلسلة التفسير
_v0
650 0 4 _aالقران - تفسير
942 _2ddc
_cBK
999 _c32676
_d32676